مكتبة جامعة عجلون الوطنية

فهرس بحث المكتبة

التحديات القانونية التي تواجه جرائم الذم والقدح الإلكترونية "دراسة تحليلية في القانون الجزائي الأردني" = (Record no. 33441)

MARC details
000 -LEADER
fixed length control field 00932nam a22001937a 4500
003 - CONTROL NUMBER IDENTIFIER
control field JO-AjAnu
005 - DATE AND TIME OF LATEST TRANSACTION
control field 20240407102410.0
008 - FIXED-LENGTH DATA ELEMENTS--GENERAL INFORMATION
fixed length control field 240407b jo ||||| |||| 00| 0 ara d
040 ## - CATALOGING SOURCE
Original cataloging agency JO-AjAnu
Transcribing agency ANU
041 #1 - LANGUAGE CODE
Language code of original ARA
100 ## - MAIN ENTRY--PERSONAL NAME
Personal name اشتية، أحمد حفظي حافظ
Relator term معد
9 (RLIN) 65340
245 #0 - TITLE STATEMENT
Title التحديات القانونية التي تواجه جرائم الذم والقدح الإلكترونية "دراسة تحليلية في القانون الجزائي الأردني" =
Statement of responsibility, etc. اعداد أحمد حفظي حافظ اشتية ؛ اشراف عبدالله العكايلة
260 ## - PUBLICATION, DISTRIBUTION, ETC.
Date of publication, distribution, etc. 2023
300 ## - PHYSICAL DESCRIPTION
Extent 93 ورقة
500 ## - GENERAL NOTE
General note رسالة جامعية (ماجستير) تخصص القانون / جامعة عجلون الوطنية، 2023
650 7# - SUBJECT ADDED ENTRY--TOPICAL TERM
Form subdivision جرائم القذف والسب-قوانين وتشريعات
700 #0 - ADDED ENTRY--PERSONAL NAME
Personal name عبدالله العكايلة
Relator term مشرف
9 (RLIN) 65341
942 ## - ADDED ENTRY ELEMENTS (KOHA)
Source of classification or shelving scheme Library of Congress Classification
Koha item type Thesis
Suppress in OPAC No

No items available.